000 00741nam a2200229Ia 4500
999 _c47052
_d47052
001 13909
003 GE_BSU
005 20221124115244.0
008 181216s2002||||enk|||||||||||||| ||eng||
020 _a0471492787x
040 _cGE_BSU
080 _a004.5 P-91
100 _aPreece, Jennifer
_916034
245 _aInteraction Design.Beyond human-computer interaction.
_cPreece,Jennifer; Rogers,Yvonne; Sharp,Helen.
264 _bJohn Wiley & sons,inc.
_c2002
300 _a519 p.;
_b24 cm.
300 _bill.
653 _aInteraction Design.Beyond human-computer interaction.
653 _aინფორმატიკა
653 _aსაინფორმაციო ტექნოლოგიები
942 _cBK
_2udc